Вопросы борьбы с последствиями полиомиелита (Запись № 8453490)

Подробности
000 -МАРКЕР
контрольное поле 01206nam1a22002291i 4500
001 - ИДЕНТИФИКАТОР ЗАПИСИ
контрольное поле rc\4330639
005 - ИДЕНТИФИКАТОР ВЕРСИИ
контрольное поле 20260407122304.0
035 ## - ДРУГИЕ СИСТЕМНЫЕ НОМЕРА
Идентификатор записи (NLR Aleph) 008270565
100 ## - ДАННЫЕ ОБЩЕЙ ОБРАБОТКИ
Данные общей обработки 20130416d1962 |||y0rusy50 ca
101 0# - ЯЗЫК РЕСУРСА
Язык текста, звукозаписи и т.д. русский
102 ## - СТРАНА ПУБЛИКАЦИИ ИЛИ ПРОИЗВОДСТВА
Страна публикации Российская Федерация
105 ## - ПОЛЕ КОДИРОВАННЫХ ДАННЫХ: ТЕКСТОВЫЕ МАТЕРИАЛЫ, МОНОГРАФИЧЕСКИЕ
Кодированные данные о монографическом текстовом документе y z |||||
200 1# - ЗАГЛАВИЕ И СВЕДЕНИЯ ОБ ОТВЕТСТВЕННОСТИ
Основное заглавие Вопросы борьбы с последствиями полиомиелита
Сведения, относящиеся к заглавию Материалы V Науч. сессии Ин-та полиомиелита и вирус. энцефалитов АМН СССР и Одес. упр. санаториями М-ва здравоохранения УССР. (Одесса, 23-26 авг. 1961 г.)
210 ## - ПУБЛИКАЦИЯ, РАСПРОСТРАНЕНИЕ И ДР.
Место издания, распространения и т.д. Москва
Имя издателя, распространителя и т. д. Сов. Россия
Дата издания, распространения и т.д. 1962
215 ## - ФИЗИЧЕСКАЯ ХАРАКТЕРИСТИКА
Размеры 21
225 1# - СЕРИЯ
Основное заглавие серии [Труды Института]
Сведения об ответственности АМН СССР. Ин-т полиомиелита и вирус. энцефалитов
Обозначение тома [Т. 4]
712 02 - НАИМЕНОВАНИЕ ОРГАНИЗАЦИИ - ВТОРИЧНАЯ ОТВЕТСТВЕННОСТЬ
Начальный элемент ввода Институт полиомиелита и вирусных энцефалитов им. М. П. Чумакова
Структурное подразделение Научная сессия
Идентифицирующий признак Москва
Порядковый номер временной организации и / или порядковый номер ее части 5
Место проведения временной организации Одесса
Дата проведения временной организации 1961
Системный номер авторитетной/нормативной записи 644538
Идентификатор авторитетной/нормативной записи RU\NLR\AUTH\8810071305
801 #0 - ИСТОЧНИК ЗАПИСИ
Страна Российская Федерация
Организация NLR
Правила каталогизации psbo
801 #1 - ИСТОЧНИК ЗАПИСИ
Страна Российская Федерация
Организация ELAR
Источник данных rusmarc
852 ## - МЕСТОНАХОЖДЕНИЕ И ШИФР ХРАНЕНИЯ
Идентификатор организации NLR
Шифр хранения (Call Number) П16/982
942 ## - ДОПОЛНИТЕЛЬНЫЕ ЭЛЕМЕНТЫ ЗАПИСИ (АБИС)
Тип экземпляра АБИС Книга

Нет доступных экземпляров.